000 00325 a2200145 4500
001 181702
020 _a
040 _cMagnum
100 _aSerkez, Angela Maria Batista
240 1 0 _aAbc da palavra viva - 1
_lpor
245 1 0 _aAbc da palavra viva - 1
362 0 _a1899
697 _aMAGNITO: PARADIDATICO
942 _cBK
999 _c181702
_d181702